Jamie Johnson characters - Statistics

General Stats
  • This quiz has been taken 19 times
  • The average score is 15 of 36
Answer Stats
Answer % Correct
boggy
100%
jamie
100%
jack
85%
dillon
77%
harry
77%
mike
77%
mike
77%
alba
69%
freddie
69%
zoe
62%
duncan
54%
jethro
54%
liam
54%
eric
46%
ian
38%
indira
38%
karen
38%
molly
38%
ruby
38%
sienna
38%
hilary
23%
jake
23%
maddy
23%
mukki
23%
nancy
23%
wozza
23%
bex
15%
jess
15%
kat
15%
karim
8%
kasia
8%
sam
8%
tayo
8%
uzma
8%
billy
0%
graham
0%
No matching quizzes found
Score Distribution
Percent of People with Each Score
Percentile by Number Answered
Your Score History
You have not taken this quiz